Quality planning and analysis : From product development through use

Bibliographic Details
Main Author: Juran, J.M
Format: Book
Published: New York : McGraw-Hill,Inc. , 1993
Edition:3rd ed
Subjects:

MARC

LEADER 00000cam a2200000 7i4500
001 0000002358
002 000002565
005 20000330.0
020 |a 0071129928 
090 0 0 |a 658.562   |b JUR 
100 1 |a Juran, J.M 
245 1 0 |a Quality planning and analysis :   |b From product development through use   |c J.M Juran and Frank M.Gryna 
250 |a 3rd ed 
260 |a New York :   |b McGraw-Hill,Inc. ,   |c 1993 
300 |a 634p. :   |b ill ;   |c 24cm. 
650 0 0 |a Quality assurance 
650 0 0 |a Quality control 
999 |a 035630   |b BUKU   |c PINJAMAN   |e PERPUSTAKAAN KOMUNITI PETALING JAYA